Anesthesiology A Practical Approach /

This book provides a practical approach to the anesthetic management of surgical and nonsurgical procedures across the spectrum of anesthesia sub-specialties. This book will assist the practitioner to plan their anesthetic from preoperative evaluation phase to complete recovery or transfer to anothe...

Πλήρης περιγραφή

Λεπτομέρειες βιβλιογραφικής εγγραφής
Συγγραφή απο Οργανισμό/Αρχή: SpringerLink (Online service)
Άλλοι συγγραφείς: Goudra, Basavana G. (Επιμελητής έκδοσης, http://id.loc.gov/vocabulary/relators/edt), Duggan, Michael (Επιμελητής έκδοσης, http://id.loc.gov/vocabulary/relators/edt), Chidambaran, Vidya (Επιμελητής έκδοσης, http://id.loc.gov/vocabulary/relators/edt), Venkata, Hari Prasad Krovvidi (Επιμελητής έκδοσης, http://id.loc.gov/vocabulary/relators/edt), Duggan, Elizabeth (Επιμελητής έκδοσης, http://id.loc.gov/vocabulary/relators/edt), Powell, Mark (Επιμελητής έκδοσης, http://id.loc.gov/vocabulary/relators/edt), Singh, Preet Mohinder (Επιμελητής έκδοσης, http://id.loc.gov/vocabulary/relators/edt)
Μορφή: Ηλεκτρονική πηγή Ηλ. βιβλίο
Γλώσσα:English
Έκδοση: Cham : Springer International Publishing : Imprint: Springer, 2018.
Έκδοση:1st ed. 2018.
Θέματα:
Διαθέσιμο Online:Full Text via HEAL-Link
LEADER 08012nam a2200577 4500
001 978-3-319-74766-8
003 DE-He213
005 20190619133616.0
007 cr nn 008mamaa
008 180626s2018 gw | s |||| 0|eng d
020 |a 9783319747668  |9 978-3-319-74766-8 
024 7 |a 10.1007/978-3-319-74766-8  |2 doi 
040 |d GrThAP 
050 4 |a RD78.3-87.3 
072 7 |a MMB  |2 bicssc 
072 7 |a MED006000  |2 bisacsh 
072 7 |a MKA  |2 thema 
082 0 4 |a 617.96  |2 23 
245 1 0 |a Anesthesiology  |h [electronic resource] :  |b A Practical Approach /  |c edited by Basavana G. Goudra, Michael Duggan, Vidya Chidambaran, Hari Prasad Krovvidi Venkata, Elizabeth Duggan, Mark Powell, Preet Mohinder Singh. 
250 |a 1st ed. 2018. 
264 1 |a Cham :  |b Springer International Publishing :  |b Imprint: Springer,  |c 2018. 
300 |a XVI, 888 p. 91 illus., 65 illus. in color.  |b online resource. 
336 |a text  |b txt  |2 rdacontent 
337 |a computer  |b c  |2 rdamedia 
338 |a online resource  |b cr  |2 rdacarrier 
347 |a text file  |b PDF  |2 rda 
505 0 |a Part 1 Cardiac Anesthesia -- Anesthesia for coronary artery bypass grafting with and without cardiopulmonary bypass -- Anesthesia for valve replacement and repair -- Anesthesia for congenital heart diseases in adults -- Anesthesia for Heart and Lung Transplantation -- Anesthesia for pulmonary endarterectomy -- Anesthetic management for minimally invasive cardiac surgery -- Anesthesia for Transcatheter Aortic Valve Replacement (TAVR) and Other Catheter-Based Intracardiac Procedures -- Anesthetic Considerations in the Patient with an Implanted Cardiac Device -- Anesthesia for Aortic Surgery -- Anesthesia for lung resection -- Anesthesia for video-assisted thoracoscopic surgery -- Anesthesia for mediastinoscopy and mediastinal surgery -- Anesthesia for tracheal surgery -- Anesthesia for esophageal surgery -- Anesthesia for pleural and chest wall surgery -- Anesthetic implications for management of thoracic trauma -- Anesthesia for Thymectomy -- Anesthesia issues in patients with VADs presenting for noncardiac surgery -- Part 2 Out of Operating room anesthesia -- Anesthesia for ERCP -- Anesthesia for Colonoscopy -- Anesthesia for Bronchoscopic Procedures -- Anesthesia for cardioversion -- Anesthesia for dental procedures -- Anesthesia for dental procedures -- Anesthesia for cardioversion -- Anesthesia for dental procedures -- Anesthesia for electroconvulsive therapy -- Anesthesia for MRI and CT -- Radiotherapy and Anesthesia -- Anesthesia for office based cosmetic procedures -- Anesthesia for Upper GI Endoscopy Including Advanced Endoscopic Procedures -- Part 3 Pediatric Anesthesia -- Anesthesia for Fetal Intervention and Surgery -- Anesthesia for Neurosurgical Procedures -- Anesthesia for Thoracic Surgery -- Anesthesia for Specific Cardiac Lesions - Right-to Left Shunts -- Aortic stenosis- Anesthesia considerations -- Anesthesia for Spinal Surgery in Children -- Anesthesia for Pediatric Plastic and Craniofacial Surgery -- Anesthesia for Ears, Nose, and Throat Surgery -- Anesthesia for ophthalmological procedures -- Anesthesia for Neonatal emergencies: General Principles -- Anesthesia for Tracheoesophageal fistula -- Anesthesia for Congenital Diaphragmatic Hernia -- Omphalocele and Gastroschisis -- Anesthesia for Hypertrophic Pyloric Stenosis -- Anesthesia for intestinal obstruction -- Anesthesia for Epidermolysis bullosa -- Anesthesia for children with Cerebral palsy -- Anesthesia for Nuss procedures (pectus deformity) -- Pediatric Pain Management -- Pulmonary Hypertension -- Anesthesia considerations in a premie -- Anesthesia For Ex-Utero Intra-Partum Procedures -- Part 4 Obstetric Anesthesia -- Anesthesia for caesarian delivery -- Anesthesia for non- delivery obstetric procedures -- Anesthesia and major obstetric hemorrhage -- Anesthesia for medical termination of pregnancy -- Anesthesia and hypertensive emergencies -- Part 5 Neuroanesthesia -- Supratentorial masses: anesthetic considerations -- Anesthetic management for posterior fossa surgery -- Anesthetic management of cerebral aneurysm surgery (Intracranial vascular surgeries) -- Anesthetic considerations for surgical resection of brain arteriovenous malformations -- Awake Craniotomy, Epilepsy, Minimally Invasive, and Robotic Surgery -- Stereotactic surgery, deep brain stimulation, brain biopsy, and gene therapies (Functional brain surgery) -- Stereotactic surgery, deep brain stimulation, brain biopsy, and gene therapies (Functional brain surgery) -- Perioperative management of adult patients with severe head injury -- Part 6 Vascular Anesthesia -- Anaesthesia for endovascular aortic Aneurysm repair (EVAR) -- Anesthesia for Open AAA -- Anesthesia for Lower Extremity Bypass -- Anesthesia for Nephrectomy with Vena Cava Thrombectomy -- Anesthesia for Carotid Endarterectomy -- Anesthesia for AV Fistulas (Upper Extremity) -- Trauma Anesthesia -- Anesthesia for pheochromocytoma and glomus jugulare -- Anesthesia for TIPS -- Anesthesia for liver transplantation -- Anesthesia for Kidney Transplantation -- Part 7 Others -- Anesthesia issues in patients with obstructive sleep apnea -- Anesthesia for major orthopedic surgeries -- Anesthesia for urological procedures -- Organ harvesting and the role of anesthesiologist -- Anesthesia and burns -- Anesthesia for robot assisted gynecological procedures -- Anethesia issues in geriatrics -- Anesthesia for weight reduction surgery -- Anesthesia for TURP -- Anesthesia for Major Joint Surgery. 
520 |a This book provides a practical approach to the anesthetic management of surgical and nonsurgical procedures across the spectrum of anesthesia sub-specialties. This book will assist the practitioner to plan their anesthetic from preoperative evaluation phase to complete recovery or transfer to another special care area. The emphasis is on both the planned technique and more importantly the logic or reasoning behind the suggested technique. This book addresses all important procedures in anesthesiology, including preoperative evaluation, airway management, and fluid administration. Every chapter discusses a specific surgery or procedure. Some topics of special interest are also included. Anesthesiology: A Practical Approach is aimed at anesthesia residents, anesthesia nurse practitioners, and experienced anesthesiologists called upon to work in any area or anesthetizing location. 
650 0 |a Anesthesiology. 
650 0 |a Critical care medicine. 
650 0 |a Surgery. 
650 0 |a Obstetrics. 
650 1 4 |a Anesthesiology.  |0 http://scigraph.springernature.com/things/product-market-codes/H13001 
650 2 4 |a Intensive / Critical Care Medicine.  |0 http://scigraph.springernature.com/things/product-market-codes/H3100X 
650 2 4 |a Surgery.  |0 http://scigraph.springernature.com/things/product-market-codes/H59001 
650 2 4 |a Obstetrics/Perinatology/Midwifery.  |0 http://scigraph.springernature.com/things/product-market-codes/H26014 
700 1 |a Goudra, Basavana G.  |e editor.  |4 edt  |4 http://id.loc.gov/vocabulary/relators/edt 
700 1 |a Duggan, Michael.  |e editor.  |4 edt  |4 http://id.loc.gov/vocabulary/relators/edt 
700 1 |a Chidambaran, Vidya.  |e editor.  |4 edt  |4 http://id.loc.gov/vocabulary/relators/edt 
700 1 |a Venkata, Hari Prasad Krovvidi.  |e editor.  |4 edt  |4 http://id.loc.gov/vocabulary/relators/edt 
700 1 |a Duggan, Elizabeth.  |e editor.  |4 edt  |4 http://id.loc.gov/vocabulary/relators/edt 
700 1 |a Powell, Mark.  |e editor.  |4 edt  |4 http://id.loc.gov/vocabulary/relators/edt 
700 1 |a Singh, Preet Mohinder.  |e editor.  |4 edt  |4 http://id.loc.gov/vocabulary/relators/edt 
710 2 |a SpringerLink (Online service) 
773 0 |t Springer eBooks 
776 0 8 |i Printed edition:  |z 9783319747651 
776 0 8 |i Printed edition:  |z 9783319747675 
776 0 8 |i Printed edition:  |z 9783030090739 
856 4 0 |u https://doi.org/10.1007/978-3-319-74766-8  |z Full Text via HEAL-Link 
912 |a ZDB-2-SME 
950 |a Medicine (Springer-11650)